Southern cross. (Record no. 6047)

MARC details
000 -LEADER
fixed length control field 00510nam a22001932 4500
001 - CONTROL NUMBER
control field 0000002843
005 - DATE AND TIME OF LATEST TRANSACTION
control field 20151217151906.0
008 - FIXED-LENGTH DATA ELEMENTS--GENERAL INFORMATION
fixed length control field 070420s xx 000 0 eng d
020 ## - INTERNATIONAL STANDARD BOOK NUMBER
International Standard Book Number 0425172546 :
Terms of availability KES 110
040 ## - CATALOGING SOURCE
Original cataloging agency KABU
Transcribing agency KABU
050 #0 - LIBRARY OF CONGRESS CALL NUMBER
Classification number PS3553
Item number .O692S68
100 1# - MAIN ENTRY--PERSONAL NAME
Personal name Cornwell, Patricia Daniels.
-- 0000084122
245 10 - TITLE STATEMENT
Title Southern cross.
260 ## - PUBLICATION, DISTRIBUTION, ETC. (IMPRINT)
Place of publication, distribution, etc. New York :
Name of publisher, distributor, etc. Berkley Books,
Date of publication, distribution, etc. 1998.
300 ## - PHYSICAL DESCRIPTION
Extent 382 p.
908 ## - PUT COMMAND PARAMETER (RLIN)
Put command parameter 070420
950 ## - LOCAL HOLDINGS (RLIN)
-- 1
Holdings
Withdrawn status Lost status Source of classification or shelving scheme Not for loan Home library Current library Date acquired Total Checkouts Full call number Date last seen Price effective from Koha item type
    Library of Congress Classification   Kabarak, Main Campus Kabarak, Main Campus 17/12/2015   PS3553 .O692S68 c. 1 17/12/2015 17/12/2015 General Collection
Designed with assistance from East African Informatics Ltd